[Event "Bayern-ch Seniors 22nd"]
[Site "Bergen"]
[Date "2010.06.14"]
[Round "3"]
[White "Mitzel, Robert"]
[Black "Hanisch, Friedrich"]
[Result "0-1"]
[WhiteElo "1889"]
[BlackElo "2055"]
[PlyCount "58"]
[EventDate "2010.06.12"]
[EventType "swiss"]
[EventRounds "9"]
[EventCountry "GER"]
[SourceTitle "EXT 2011"]
[Source "ChessBase"]
[SourceDate "2010.11.26"]
[SourceVersion "1"]
[SourceVersionDate "2010.11.26"]
[SourceQuality "1"]

1. d4 Nf6 2. c4 e6 3. Nc3 Bb4 4. e3 0-0 5. Bd3 c5 6. Nf3 Nc6 7. 0-0 Bxc3 8. bxc3 d6 9. e4 e5 10. d5 Ne7 11. Nh4 Ng6 12. Nxg6 fxg6 13. Bg5 h6 14. Bh4 g5 15. Bg3 g4 16. f4 gxf3 17. Qxf3 Bg4 18. Qe3 Qd7 19. Be2 Nh5 20. Bxg4 Qxg4 21. Rf3 Rf6 22. Rxf6 Nxf6 23. Re1 Rf8 24. h3 Qg6 25. Kh2 Nh5 26. Re2 Rf1 27. Rb2 b6 28. Re2 Nxg3 29. Qxg3 Rh1+ 0-1

[Event "Bad Breisig op"]
[Site "Bad Breisig"]
[Date "2009.11.23"]
[Round "3"]
[White "Mitzel, Robert"]
[Black "Wempe, Juergen"]
[Result "1/2-1/2"]
[WhiteElo "2031"]
[BlackElo "2176"]
[PlyCount "56"]
[EventDate "2009.11.21"]
[EventType "swiss"]
[EventRounds "9"]
[EventCountry "GER"]
[SourceTitle "EXT 2019"]
[Source "ChessBase"]
[SourceDate "2018.10.10"]
[SourceVersion "1"]
[SourceVersionDate "2018.10.10"]
[SourceQuality "1"]

1. d4 Nf6 2. c4 c5 3. d5 e5 4. Nc3 d6 5. e4 Be7 6. Bd3 0-0 7. Nf3 Ne8 8. Qc2 a6 9. h3 Nd7 10. Be3 g6 11. 0-0 Ng7 12. Bh6 Kh8 13. a3 Rg8 14. Qd2 Qf8 15. b4 f5 16. Nh2 f4 17. Na4 b6 18. Rab1 Qd8 19. bxc5 bxc5 20. Bxg7+ Kxg7 21. Rb3 Qc7 22. Rfb1 Bd8 23. Be2 h5 24. Bf3 Qa5 25. Qxa5 Bxa5 26. Nf1 Kh6 27. Kh2 g5 28. g4 h4 1/2-1/2

[Event "Seefeld op 20th"]
[Site "Seefeld"]
[Date "2009.09.29"]
[Round "6"]
[White "Mitzel, Robert"]
[Black "Bangert, Ruediger"]
[Result "1-0"]
[WhiteElo "2031"]
[BlackElo "1694"]
[PlyCount "41"]
[EventDate "2009.09.24"]
[EventType "swiss"]
[EventRounds "9"]
[EventCountry "AUT"]
[SourceTitle "EXT 2012"]
[Source "ChessBase"]
[SourceDate "2011.11.24"]
[SourceVersion "1"]
[SourceVersionDate "2011.11.24"]
[SourceQuality "1"]

1. d4 Nf6 2. c4 g6 3. Nc3 Bg7 4. e4 d6 5. f4 0-0 6. Be2 c5 7. d5 e6 8. dxe6 fxe6 9. Nf3 Nc6 10. 0-0 a6 11. Kh1 Rb8 12. Ng5 Nd4 13. Bd3 Nh5 14. e5 dxe5 15. Nxh7 Kxh7 16. Qxh5+ Kg8 17. Bxg6 Rf6 18. Ne4 Nf5 19. fxe5 Qd3 20. Nxf6+ Bxf6 21. Qh7+ 1-0

[Event "Seefeld op 20th"]
[Site "Seefeld"]
[Date "2009.09.27"]
[Round "4"]
[White "Mitzel, Robert"]
[Black "Farago, Ivan"]
[Result "0-1"]
[WhiteElo "2031"]
[BlackElo "2476"]
[PlyCount "64"]
[EventDate "2009.09.24"]
[EventType "swiss"]
[EventRounds "9"]
[EventCountry "AUT"]
[SourceTitle "EXT 2012"]
[Source "ChessBase"]
[SourceDate "2011.11.24"]
[SourceVersion "1"]
[SourceVersionDate "2011.11.24"]
[SourceQuality "1"]

1. d4 Nf6 2. c4 e6 3. Nc3 Bb4 4. e3 0-0 5. Bd3 d5 6. cxd5 exd5 7. Qc2 Re8 8. Nge2 a6 9. a3 Bd6 10. Ng3 Nbd7 11. Nf5 Bf8 12. b4 b6 13. b5 g6 14. Ng3 axb5 15. Bxb5 Bb7 16. 0-0 c6 17. Be2 h5 18. Bf3 b5 19. e4 b4 20. e5 bxc3 21. exf6 Qxf6 22. Qxc3 c5 23. Be3 c4 24. Ne2 Bc6 25. Rfb1 Qf5 26. Nf4 Rxa3 27. Qc1 Rea8 28. h3 Nf6 29. Kh2 Rxa1 30. Rxa1 Rxa1 31. Qxa1 Bd6 32. g3 g5 0-1

[Event "Bayern-ch Seniors 21st"]
[Site "Bergen"]
[Date "2009.06.21"]
[Round "2"]
[White "Mitzel, Robert"]
[Black "Hegner, Peter"]
[Result "1-0"]
[WhiteElo "1921"]
[BlackElo "1584"]
[PlyCount "57"]
[EventDate "2009.06.20"]
[EventType "swiss"]
[EventRounds "9"]
[EventCountry "GER"]
[SourceTitle "EXT 2015"]
[Source "ChessBase"]
[SourceDate "2014.11.20"]
[SourceVersion "1"]
[SourceVersionDate "2014.11.20"]
[SourceQuality "1"]

1. d4 d5 2. c4 dxc4 3. Nf3 Nf6 4. e3 e6 5. Bxc4 c5 6. 0-0 cxd4 7. exd4 Be7 8. Nc3 0-0 9. Qe2 a6 10. a4 Nc6 11. Rd1 Re8 12. Bg5 h6 13. Bh4 Nb4 14. Bg3 Nh5 15. Be5 Nd5 16. Rac1 f6 17. Bg3 Nxg3 18. fxg3 Nxc3 19. bxc3 Bd6 20. Re1 Bd7 21. Qe4 Qc7 22. Bb3 Kf8 23. Qh7 Kf7 24. Nh4 Bf8 25. Nf5 Re7 26. Nxe7 Bxe7 27. d5 b6 28. dxe6+ Bxe6 29. Bxe6+ 1-0

[Event "GER-ch Seniors-A 20th"]
[Site "Erfurt"]
[Date "2008.08.06"]
[Round "2"]
[White "Riek, Wolfgang"]
[Black "Mitzel, Robert"]
[Result "1-0"]
[WhiteElo "1818"]
[BlackElo "1927"]
[PlyCount "97"]
[EventDate "2008.08.05"]
[EventType "swiss"]
[EventRounds "9"]
[EventCountry "GER"]
[SourceTitle "CBM 126 Extra"]
[Source "ChessBase"]
[SourceDate "2008.11.05"]
[SourceVersion "1"]
[SourceVersionDate "2008.11.05"]
[SourceQuality "1"]

1. d4 d6 2. Nf3 g6 3. e4 Bg7 4. Bc4 a6 5. c3 b5 6. Bb3 Bb7 7. 0-0 Nf6 8. e5 dxe5 9. Nxe5 0-0 10. Nd2 c5 11. dxc5 Nbd7 12. c6 Nxe5 13. cxb7 Rb8 14. Qe2 Nd3 15. Ne4 Nxc1 16. Raxc1 Rxb7 17. Nc5 Ra7 18. Rcd1 Qb6 19. Nd3 Rd7 20. Ne5 Rxd1 21. Rxd1 e6 22. h3 Rd8 23. Rxd8+ Qxd8 24. Nxf7 Qe7 25. Qxe6 Qxe6 26. Bxe6 Kf8 27. Ng5 h6 28. Nf3 Ke7 29. Bc8 a5 30. Ne5 g5 31. Nc6+ Kd6 32. Nxa5 Nd5 33. Bf5 b4 34. cxb4 Nxb4 35. a3 Nd5 36. Bc2 Nf4 37. Kf1 Kd5 38. b4 Bb2 39. Bb3+ Kd4 40. Nc4 Bc1 41. b5 Nd3 42. g3 Nc5 43. b6 Kc3 44. Ba2 h5 45. Ke2 h4 46. a4 g4 47. hxg4 h3 48. Kf1 Kd4 49. Kg1 1-0

[Event "Hessen-ch Seniors op 04th"]
[Site "Bad Sooden-Allendorf"]
[Date "2008.04.24"]
[Round "1"]
[White "Mitzel, Robert"]
[Black "Blask, Gerhard"]
[Result "1-0"]
[WhiteElo "1952"]
[BlackElo "1581"]
[PlyCount "75"]
[EventDate "2008.04.24"]
[EventType "swiss"]
[EventRounds "9"]
[EventCountry "GER"]
[SourceTitle "EXT 2022"]
[Source "ChessBase"]
[SourceDate "2021.10.06"]
[SourceVersion "1"]
[SourceVersionDate "2021.10.06"]
[SourceQuality "1"]

1. d4 f5 2. e4 d6 3. Nc3 Nf6 4. Bd3 e6 5. Nf3 Be7 6. 0-0 0-0 7. Re1 Nc6 8. a3 d5 9. exd5 exd5 10. Bf4 Kh8 11. Nb5 Ne8 12. Ne5 a6 13. Nxc6 bxc6 14. Nc3 Bd6 15. Be5 Nf6 16. f3 Bd7 17. Qd2 Nh5 18. f4 Nf6 19. Qe3 Qe8 20. Bxd6 cxd6 21. Qxe8 Raxe8 22. Bxa6 Ne4 23. Ne2 c5 24. b3 Bc6 25. a4 Nf6 26. Bb5 Bxb5 27. axb5 Rb8 28. Ra6 Ne4 29. c4 dxc4 30. bxc4 cxd4 31. Nxd4 g6 32. Nc6 Ra8 33. Rea1 Rae8 34. b6 Nc5 35. Ra7 Rc8 36. Ne7 Rb8 37. Nd5 Nb3 38. Re1 1-0

[Event "Bad Griesbach Seniors op 10th"]
[Site "Bad Griesbach"]
[Date "2007.12.02"]
[Round "1"]
[White "Mitzel, Robert"]
[Black "Schuster, Herbert"]
[Result "1-0"]
[WhiteElo "1965"]
[BlackElo "1724"]
[PlyCount "101"]
[EventDate "2007.12.02"]
[EventType "swiss"]
[EventRounds "7"]
[EventCountry "GER"]
[SourceTitle "EXT 2015"]
[Source "ChessBase"]
[SourceDate "2014.11.20"]
[SourceVersion "1"]
[SourceVersionDate "2014.11.20"]
[SourceQuality "1"]

1. d4 d5 2. c4 Nf6 3. Nc3 c6 4. Nf3 h6 5. Bf4 e6 6. e3 Bd6 7. Bxd6 Qxd6 8. Qc2 Nbd7 9. Be2 dxc4 10. e4 e5 11. Rd1 Qe7 12. d5 cxd5 13. exd5 Qb4 14. 0-0 0-0 15. Rfe1 b5 16. b3 Bb7 17. bxc4 Qc5 18. Qb3 a6 19. Nd2 Rab8 20. Nde4 bxc4 21. Bxc4 Nxe4 22. Nxe4 Qb6 23. Qg3 Kh8 24. Qh3 Nf6 25. Nxf6 Qxf6 26. Qe3 Qf4 27. Qxf4 exf4 28. Re7 g5 29. d6 Kg7 30. Rc7 Be4 31. f3 Bf5 32. Bxa6 Be6 33. Bc4 Kf6 34. Bxe6 Kxe6 35. Re7+ Kf6 36. Re2 Rfd8 37. d7 Rb7 38. Rd6+ Kg7 39. Red2 Ra7 40. Kf2 f6 41. g3 fxg3+ 42. Kxg3 h5 43. R6d4 Kf7 44. h4 Ra3 45. Kg2 Ke7 46. Rd5 gxh4 47. Rxh5 Rg8+ 48. Kf2 Ra7 49. d8Q+ Rxd8 50. Rh7+ Ke6 51. Re2+ 1-0

[Event "Niedersachsen-ch Seniors op 10th"]
[Site "Bad Bevensen"]
[Date "2007.07.08"]
[Round "6"]
[White "Mitzel, Robert"]
[Black "Kripp, Wolfgang"]
[Result "1/2-1/2"]
[WhiteElo "1950"]
[BlackElo "2001"]
[PlyCount "62"]
[EventDate "2007.07.03"]
[EventType "swiss"]
[EventRounds "9"]
[EventCountry "GER"]
[SourceTitle "EXT 2022"]
[Source "ChessBase"]
[SourceDate "2021.10.06"]
[SourceVersion "1"]
[SourceVersionDate "2021.10.06"]
[SourceQuality "1"]

1. d4 d5 2. c4 e6 3. Nc3 Nf6 4. Bg5 Be7 5. cxd5 exd5 6. e3 Nbd7 7. Qc2 c6 8. Bd3 0-0 9. Nge2 Re8 10. 0-0 h6 11. Bh4 Nf8 12. f3 Ne6 13. Rad1 Bd7 14. Bf5 Nf8 15. Bd3 Rc8 16. e4 dxe4 17. Nxe4 Nd5 18. Bxe7 Qxe7 19. Qc5 Ne3 20. Nd6 Nxd1 21. Rxd1 Qe3+ 22. Kf1 b6 23. Qc1 Qe6 24. Nxc8 Bxc8 25. Bc4 Qe7 26. Ng3 Be6 27. Ne4 f5 28. Ng3 f4 29. Ne4 Bd5 30. Bxd5+ cxd5 31. Nc3 Qd6 1/2-1/2

[Event "Niedersachsen-ch Seniors op 10th"]
[Site "Bad Bevensen"]
[Date "2007.07.03"]
[Round "1"]
[White "Loeding, Walter"]
[Black "Mitzel, Robert"]
[Result "1/2-1/2"]
[WhiteElo "1329"]
[BlackElo "1950"]
[PlyCount "76"]
[EventDate "2007.07.03"]
[EventType "swiss"]
[EventRounds "9"]
[EventCountry "GER"]
[SourceTitle "EXT 2022"]
[Source "ChessBase"]
[SourceDate "2021.10.06"]
[SourceVersion "1"]
[SourceVersionDate "2021.10.06"]
[SourceQuality "1"]

1. e4 e5 2. Nf3 Nf6 3. Nc3 Nc6 4. a3 d5 5. exd5 Nxd5 6. d3 Bc5 7. Na4 Bd6 8. Bd2 0-0 9. Nc3 Nxc3 10. Bxc3 Bg4 11. Be2 Qe7 12. Nd2 Bf5 13. Ne4 Bxe4 14. dxe4 Rad8 15. Bd3 Bc5 16. Qd2 f5 17. Qe2 fxe4 18. Qxe4 Bxf2+ 19. Ke2 g6 20. Raf1 Rf4 21. Bc4+ Kf8 22. Rxf2 Rxf2+ 23. Kxf2 Qc5+ 24. Kg3 Kg7 25. Rf1 Rd7 26. Bd3 a5 27. h4 Nd4 28. h5 Nf5+ 29. Rxf5 gxf5 30. Qxe5+ Qxe5+ 31. Bxe5+ Kh6 32. Bxf5 Rf7 33. Kf4 Kxh5 34. g4+ Kh4 35. g5 c6 36. Bf6 Kh5 37. Ke5 Rc7 38. Kd6 Rf7 1/2-1/2

[Event "Hessen-ch Seniors op 02nd"]
[Site "Bad Sooden-Allendorf"]
[Date "2006.04.29"]
[Round "5"]
[White "Mitzel, Robert"]
[Black "Fritsch, Wolfgang"]
[Result "1-0"]
[WhiteElo "1942"]
[BlackElo "1673"]
[PlyCount "55"]
[EventDate "2006.04.25"]
[EventType "swiss"]
[EventRounds "9"]
[EventCountry "GER"]
[SourceTitle "EXT 2007"]
[Source "ChessBase"]
[SourceDate "2006.11.23"]
[SourceVersion "1"]
[SourceVersionDate "2006.11.23"]
[SourceQuality "1"]

1. e4 e5 2. Nf3 Nf6 3. Nxe5 d6 4. Nf3 Nxe4 5. Nc3 Nxc3 6. dxc3 Be7 7. Bf4 0-0 8. Qd2 Nc6 9. 0-0-0 Bg4 10. Be2 Bf6 11. Rhe1 Qd7 12. h3 Be6 13. g4 g6 14. Ng5 Rae8 15. Ne4 Bg7 16. Bh6 Qe7 17. Bxg7 Kxg7 18. Bb5 f5 19. Ng3 Qf6 20. g5 Qd8 21. h4 a6 22. Bxc6 bxc6 23. b3 c5 24. c4 Bd7 25. h5 Rf7 26. hxg6 hxg6 27. Rh1 Rh8 28. Qc3+ 1-0

[Event "Hessen-ch Seniors op 02nd"]
[Site "Bad Sooden-Allendorf"]
[Date "2006.04.26"]
[Round "2"]
[White "Kotlar, Alfred"]
[Black "Mitzel, Robert"]
[Result "1-0"]
[WhiteElo "1957"]
[BlackElo "1942"]
[PlyCount "93"]
[EventDate "2006.04.25"]
[EventType "swiss"]
[EventRounds "9"]
[EventCountry "GER"]
[SourceTitle "EXT 2007"]
[Source "ChessBase"]
[SourceDate "2006.11.23"]
[SourceVersion "1"]
[SourceVersionDate "2006.11.23"]
[SourceQuality "1"]

1. d4 Nf6 2. Nf3 e6 3. Bf4 d5 4. Nbd2 Bd6 5. Bg5 h6 6. Bh4 Be7 7. e3 Nbd7 8. Bd3 c5 9. c3 b6 10. Rc1 Bb7 11. 0-0 Qc7 12. Re1 g5 13. Bg3 Bd6 14. Bxd6 Qxd6 15. Bb5 0-0 16. Nf1 Rac8 17. Ng3 a6 18. Bd3 b5 19. Nd2 Rfd8 20. Bb1 b4 21. h3 a5 22. Qf3 Kg7 23. Rcd1 Bc6 24. Ndf1 bxc3 25. bxc3 Rb8 26. Qe2 Rb6 27. Qc2 Rdb8 28. Nh5+ Kg8 29. Nxf6+ Nxf6 30. c4 dxc4 31. Qxc4 cxd4 32. Ng3 Rb4 33. Qd3 Kf8 34. e4 Qe5 35. Qa6 Ba4 36. Rc1 Kg7 37. Bd3 Rb2 38. Qa7 R8b7 39. Qa6 Qf4 40. Rf1 Qe5 41. Rfe1 Rd7 42. Rc8 Rxa2 43. Qa8 Rd2 44. Rh8 Qc5 45. e5 Rxd3 46. exf6+ Kxf6 47. Ne4+ 1-0

[Event "Hessen-ch Seniors op 02nd"]
[Site "Bad Sooden-Allendorf"]
[Date "2006.04.25"]
[Round "1"]
[White "Mitzel, Robert"]
[Black "Ahlberg, Guenter"]
[Result "1-0"]
[WhiteElo "1942"]
[BlackElo "1916"]
[PlyCount "97"]
[EventDate "2006.04.25"]
[EventType "swiss"]
[EventRounds "9"]
[EventCountry "GER"]
[SourceTitle "EXT 2007"]
[Source "ChessBase"]
[SourceDate "2006.11.23"]
[SourceVersion "1"]
[SourceVersionDate "2006.11.23"]
[SourceQuality "1"]

1. d4 c6 2. c4 d5 3. Nf3 Nf6 4. Nc3 dxc4 5. a4 a5 6. e3 Bg4 7. Bxc4 e6 8. h3 Bh5 9. 0-0 Bb4 10. Qe2 0-0 11. Rd1 Bxc3 12. bxc3 Ne4 13. Bd2 Ng5 14. e4 Bxf3 15. gxf3 Nxh3+ 16. Kg2 Qh4 17. Rab1 Nd7 18. Rh1 Nf4+ 19. Bxf4 Qxf4 20. Rxb7 Nf6 21. Qe3 Qxe3 22. fxe3 Rfd8 23. Rhb1 g5 24. Kf2 c5 25. R1b5 Ne8 26. Rxc5 h6 27. e5 Rdc8 28. Rbb5 Kf8 29. Ke2 Rc7 30. Kd3 Rca7 31. e4 Nc7 32. Rb6 Rd8 33. d5 exd5 34. exd5 Ne6 35. Rcb5 Nf4+ 36. Ke4 Rc7 37. Rc6 Ra7 38. Rxh6 Ng6 39. Rb6 Rc8 40. Rc6 Re8 41. Rcxg6 fxg6 42. Rxg6 Rc7 43. Rf6+ Kg7 44. Bb5 Rh8 45. c4 Rhc8 46. Kd4 Rh8 47. d6 Rf7 48. Rxf7+ Kxf7 49. Kd5 1-0

[Event "Traum op 11th"]
[Site "Oberjoch/Allgaeu"]
[Date "2004.??.??"]
[Round "4"]
[White "Mitzel, Robert"]
[Black "Borries, Barbara"]
[Result "1/2-1/2"]
[WhiteElo "1946"]
[BlackElo "1766"]
[PlyCount "54"]
[EventDate "2004.07.16"]
[EventType "swiss"]
[EventRounds "9"]
[EventCountry "GER"]
[SourceTitle "EXT 2006"]
[Source "ChessBase"]
[SourceDate "2005.11.24"]
[SourceVersion "1"]
[SourceVersionDate "2005.11.24"]
[SourceQuality "1"]

1. d4 d5 2. c4 c6 3. Nc3 Nf6 4. Nf3 dxc4 5. a4 e6 6. Bg5 Be7 7. e4 Qa5 8. Bxc4 Nxe4 9. Bxe7 Nxc3 10. Qd2 Kxe7 11. bxc3 Nd7 12. 0-0 Re8 13. Rfe1 Qf5 14. Bd3 Qf6 15. Ng5 Nf8 16. Ne4 Qh6 17. Qb2 Kd8 18. Qa3 Qf4 19. Nd6 Re7 20. g3 Qg5 21. Re5 Qd2 22. Re3 Ng6 23. Ne4 Qxe3 24. fxe3 e5 25. Nd6 exd4 26. Bxg6 hxg6 27. exd4 Kc7 1/2-1/2

[Event "Leutasch Seniors op 18th"]
[Site "Karwendel"]
[Date "2001.07.06"]
[Round "9"]
[White "Scherr, Liesel"]
[Black "Mitzel, Robert"]
[Result "0-1"]
[WhiteElo "1437"]
[BlackElo "1954"]
[PlyCount "62"]
[EventDate "2001.06.28"]
[EventType "swiss"]
[EventRounds "9"]
[EventCountry "GER"]
[SourceTitle "EXT 2006"]
[Source "ChessBase"]
[SourceDate "2005.11.24"]
[SourceVersion "1"]
[SourceVersionDate "2005.11.24"]
[SourceQuality "1"]

1. d4 Nf6 2. Nf3 d5 3. e3 e6 4. Be2 Bd6 5. Nbd2 0-0 6. 0-0 c5 7. c4 b6 8. b3 Bb7 9. Bb2 Nc6 10. dxc5 Bxc5 11. Rc1 Qe7 12. Qc2 e5 13. Rfe1 Rad8 14. Nf1 d4 15. exd4 exd4 16. Bd3 Qd6 17. a3 Bxa3 18. Bxa3 Qxa3 19. Ra1 Qd6 20. Rxa7 Nxa7 21. Ng3 Rfe8 22. Ra1 Nc6 23. Ng5 Nb4 24. Bxh7+ Kf8 25. Qd2 Ra8 26. Re1 Rxe1+ 27. Qxe1 Re8 28. Qd1 Qf4 29. Nh3 Qd6 30. Nf5 Qe5 31. f3 Nxh7 0-1

[Event "Leutasch Seniors op 18th"]
[Site "Karwendel"]
[Date "2001.07.04"]
[Round "7"]
[White "Mitzel, Robert"]
[Black "Burger, Anton"]
[Result "1/2-1/2"]
[WhiteElo "1954"]
[BlackElo "1796"]
[PlyCount "151"]
[EventDate "2001.06.28"]
[EventType "swiss"]
[EventRounds "9"]
[EventCountry "GER"]
[SourceTitle "EXT 2006"]
[Source "ChessBase"]
[SourceDate "2005.11.24"]
[SourceVersion "1"]
[SourceVersionDate "2005.11.24"]
[SourceQuality "1"]

1. d4 Nf6 2. c4 g6 3. Nc3 d6 4. e4 Bg7 5. f4 0-0 6. Be2 c5 7. d5 e6 8. Nf3 exd5 9. e5 dxe5 10. fxe5 Ng4 11. Bg5 f6 12. exf6 Bxf6 13. Bxf6 Nxf6 14. cxd5 a6 15. a4 Qd6 16. 0-0 Bg4 17. Qd2 Bxf3 18. Bxf3 Nbd7 19. Rae1 Rae8 20. Qg5 b6 21. Be2 Re5 22. Qg3 c4 23. Kh1 Kg7 24. Bxc4 Nh5 25. Qh4 Nc5 26. Rxf8 Kxf8 27. Rxe5 Qxe5 28. Qf2+ Ke7 29. a5 Ne4 30. Qh4+ Nef6 31. Bxa6 bxa5 32. Bf1 Nf4 33. Qf2 N4xd5 34. Qc5+ Qd6 35. Qa7+ Qc7 36. Qd4 Nxc3 37. bxc3 Qc6 38. Qe5+ Kf8 39. Qxa5 Kg7 40. h3 Qe4 41. Qc7+ Kh6 42. c4 Nh5 43. Kh2 Qe1 44. Bd3 Qe3 45. Qd6 Qf4+ 46. Qxf4+ Nxf4 47. Be4 Ne6 48. h4 Kg7 49. Bd5 Nc5 50. Kg3 Kf6 51. Kf4 h6 52. g4 g5+ 53. hxg5+ hxg5+ 54. Ke3 Ke5 55. Bf7 Nd7 56. Kd3 Nc5+ 57. Kd2 Nd7 58. Bg6 Nc5 59. Bf5 Nb3+ 60. Kd3 Nc5+ 61. Kc3 Nb7 62. Kb4 Kd4 63. Kb5 Nd6+ 64. Kc6 Nxc4 65. Kd7 Ke5 66. Ke7 Kf4 67. Kf6 Ne3 68. Bc8 Nxg4+ 69. Kg6 Ne5+ 70. Kh5 Nc6 71. Be6 Ne7 72. Bg4 Nf5 73. Bd1 Ng3+ 74. Kg6 Ne4 75. Kh5 Nc3 76. Bg4 1/2-1/2

[Event "Leutasch Seniors op 18th"]
[Site "Karwendel"]
[Date "2001.07.03"]
[Round "6"]
[White "Claus, Joachim"]
[Black "Mitzel, Robert"]
[Result "1-0"]
[WhiteElo "1896"]
[BlackElo "1954"]
[PlyCount "145"]
[EventDate "2001.06.28"]
[EventType "swiss"]
[EventRounds "9"]
[EventCountry "GER"]
[SourceTitle "EXT 2006"]
[Source "ChessBase"]
[SourceDate "2005.11.24"]
[SourceVersion "1"]
[SourceVersionDate "2005.11.24"]
[SourceQuality "1"]

1. e4 e5 2. Nf3 Nf6 3. d4 exd4 4. Bc4 Bb4+ 5. c3 dxc3 6. 0-0 d5 7. exd5 0-0 8. a3 Bd6 9. b4 a5 10. b5 Bg4 11. Nxc3 Nbd7 12. Be2 Qe7 13. Bb2 Rfe8 14. Re1 Ne5 15. Nxe5 Qxe5 16. g3 Qh5 17. h4 Bxe2 18. Rxe2 Rxe2 19. Nxe2 Qxd5 20. Bxf6 Qxd1+ 21. Rxd1 gxf6 22. a4 Re8 23. Kf1 Re4 24. Rd4 Re7 25. g4 Kf8 26. Nf4 Bxf4 27. Rxf4 Re6 28. Rc4 c6 29. b6 Ke7 30. Rc5 Re5 31. Rxc6 Re4 32. Rc7+ Ke6 33. Rxb7 Rxa4 34. Ra7 Rb4 35. b7 a4 36. f3 Rb2 37. Rxa4 Rxb7 38. Re4+ Kd7 39. Kf2 Rb5 40. Kg3 f5 41. Re2 fxg4 42. fxg4 Rb8 43. Kf4 h6 44. Kf5 Rb6 45. Re4 Ra6 46. h5 Rb6 47. g5 hxg5 48. Kxg5 Rb5+ 49. Kh4 Rb1 50. h6 f5 51. Re2 Rh1+ 52. Kg5 f4 53. Rf2 Rg1+ 54. Kf6 Rh1 55. Kg5 Ke6 56. Rxf4 Rg1+ 57. Kh5 Rh1+ 58. Kg6 Rg1+ 59. Kh7 Rg2 60. Rf8 Ke7 61. Rg8 Rh2 62. Rg6 Kf7 63. Ra6 Rh1 64. Kh8 Kf8 65. Rf6+ Ke7 66. Kg7 Rg1+ 67. Rg6 Rf1 68. h7 Rf7+ 69. Kh6 Rf1 70. Rg5 Rf6+ 71. Rg6 Rf1 72. h8Q Rh1+ 73. Kg7 1-0

[Event "Leutasch Seniors op 18th"]
[Site "Karwendel"]
[Date "2001.06.30"]
[Round "3"]
[White "Mitzel, Robert"]
[Black "Roggenstein, Bruno"]
[Result "1/2-1/2"]
[WhiteElo "1954"]
[BlackElo "1810"]
[PlyCount "48"]
[EventDate "2001.06.28"]
[EventType "swiss"]
[EventRounds "9"]
[EventCountry "GER"]
[SourceTitle "EXT 2006"]
[Source "ChessBase"]
[SourceDate "2005.11.24"]
[SourceVersion "1"]
[SourceVersionDate "2005.11.24"]
[SourceQuality "1"]

1. d4 d5 2. c4 e6 3. Nc3 Nf6 4. cxd5 exd5 5. Bg5 Be7 6. e3 c6 7. Qc2 g6 8. Bd3 0-0 9. Nf3 Ng4 10. Bf4 Bd6 11. Bxd6 Qxd6 12. h3 Nh6 13. g4 Kg7 14. 0-0-0 Na6 15. Bxa6 bxa6 16. Ne5 f6 17. Nd3 Nf7 18. Nc5 Rb8 19. Rdg1 Ne5 20. Ne2 Nc4 21. b3 Na3 22. Qd2 Nb5 23. h4 Nc7 24. h5 g5 1/2-1/2

[Event "Leutasch Seniors op 18th"]
[Site "Karwendel"]
[Date "2001.06.28"]
[Round "1"]
[White "Mitzel, Robert"]
[Black "Kahler, Kurt"]
[Result "1-0"]
[WhiteElo "1954"]
[BlackElo "1745"]
[PlyCount "45"]
[EventDate "2001.06.28"]
[EventType "swiss"]
[EventRounds "9"]
[EventCountry "GER"]
[SourceTitle "EXT 2006"]
[Source "ChessBase"]
[SourceDate "2005.11.24"]
[SourceVersion "1"]
[SourceVersionDate "2005.11.24"]
[SourceQuality "1"]

1. d4 Nf6 2. c4 e5 3. dxe5 Ng4 4. Nf3 Bc5 5. e3 Nc6 6. Be2 Ngxe5 7. Nxe5 Nxe5 8. Nc3 0-0 9. a3 a5 10. 0-0 b6 11. Qd5 Nc6 12. Ne4 Be7 13. Bd2 Ra7 14. Bc3 Bb7 15. Qf5 d6 16. f4 Qc8 17. Qh5 Nd8 18. Bd3 Bxe4 19. Bxe4 f5 20. Bd5+ Nf7 21. Rf3 Qd8 22. Rh3 h6 23. Qg6 1-0